Los numeros en español - Statistiques

Statistiques générales
  • Ce quiz a été pris 91 fois
  • Le résultat moyen est 36 sur 65
Statistiques - réponses
Number Réponse % Correct
2 dos
100%
1 uno
100%
3 tres
98%
8 ocho
95%
9 nueve
93%
7 siete
93%
5 cinco
92%
4 cuatro
92%
6 seis
92%
10 diez
85%
12 doce
78%
11 once
78%
13 trece
72%
15 quince
68%
20 veinte
67%
21 veintiuno
63%
18 dieciocho
62%
22 veintidos
62%
14 catorce
60%
0 cero
60%
16 dieciséis
60%
19 diecinueve
58%
17 diecisiete
58%
24 veinticuatro
58%
23 veintitrés
58%
1 000 mil
57%
25 veinticinco
57%
29 veintinueve
57%
28 veintiocho
57%
26 veintiséis
57%
27 veintisiete
57%
100 cien
53%
40 cuarenta
53%
90 noventa
53%
60 sesenta
53%
30 treinta
53%
50 cincuenta
52%
80 ochenta
52%
10 000 diez mil
50%
70 setenta
50%
200 doscientos
48%
32 treinta y dos
48%
33 treinta y tres
48%
31 treinta y uno
48%
300 trescientos
48%
400 cuatrocientos
47%
35 treinta y cinco
47%
34 treinta y cuatro
47%
600 seiscientos
45%
39 treinta y nueve
45%
38 treinta y ocho
45%
36 treinta y seis
45%
37 treinta y siete
45%
800 ochocientos
43%
900 novecientos
42%
700 setecientos
40%
100 000 cien mil
38%
500 quinientos
38%
10 000 000 diez millones
25%
1 000 000 un millón
25%
100 000 000 cien millones
23%
1 000 000 000 mil millones
17%
1 000 000 000 000 un billón
7%
100 000 000 000 cien mil milliones
0%
10 000 000 000 diez mil milliones
0%
Aucun quiz correspondant
Distribution des résultats
% des personnes avec chaque résultat
Percentile par nombre de réponses
Votre historique - résultats
Vous n’avez pas pris ce quiz